LEADER 01204nam 2200361Ia 450 001 996396745203316 005 20200824125218.0 035 $a(CKB)4330000000336921 035 $a(EEBO)2240855717 035 $a(OCoLC)ocm11912417e 035 $a(OCoLC)11912417 035 $a(EXLCZ)994330000000336921 100 $a19850412d1696 uy | 101 0 $aeng 135 $aurbn||||a|bb| 200 12$aA discourse concerning coining the new money lighter$b[electronic resource] $ein answer to Mr. Lock's Considerations about raising the value of money /$fby Nicholas Barbon, Esq 210 $aLondon $cPrinted for Richard Chiswell ...$d1696 215 $a[16], 96 p 300 $aReproduction of original in Harvard University Libraries. 330 $aeebo-0062 606 $aCurrency question$zGreat Britain 606 $aCoinage$zGreat Britain$vEarly works to 1800 615 0$aCurrency question 615 0$aCoinage 700 $aBarbon$b Nicholas$fd. 1698.$0121124 801 0$bEAA 801 1$bEAA 801 2$bm/c 801 2$bWaOLN 906 $aBOOK 912 $a996396745203316 996 $aA discourse concerning coining the new money lighter$92403898 997 $aUNISA